000
00325nam a2200133Ia 4500
005
20251222155158.0
008
251222s9999||||xx |||||||||||||| ||spa||
082
_a
SOC.69
100
_a
Comisión Europea
245
0
_a
Relaciones económicas y comerciales
250
_a
Lima ed.
264
_b
Cmisión Europea
942
_c
LIB
999
_c
39840
_d
39840